[Event "Goldener Springer 2019"]
[Site "Frankfurt-Griesheim"]
[Date "2019.??.??"]
[Round "4"]
[White "Calvi, Stefan"]
[Black "Yaghi, Rita"]
[Result "1/2-1/2"]
[WhiteElo "2007"]
[BlackElo "1743"]
[PlyCount "135"]
[EventDate "2019.??.??"]
[WhiteTeam "SF Frankfurt"]
[BlackTeam "SK Marburg"]

1. e4 c5 2. c3 Nf6 3. e5 Nd5 4. d4 cxd4 5. cxd4 Nc6 6. Nf3 d6 7. Bc4 Nb6 8. Bb3
e6 9. O-O d5 10. Bg5 Be7 11. Bxe7 Qxe7 12. Nc3 a6 13. Ne2 Bd7 14. Rc1 O-O 15.
Qd2 Rac8 16. a3 f6 17. Rfe1 f5 18. h4 Be8 19. Nf4 h6 20. g3 g5 21. hxg5 hxg5
22. Ng2 Bh5 23. Qxg5+ Qxg5 24. Nxg5 Nxd4 25. Rxc8 Rxc8 26. Nf4 Bf7 27. Bd1 Nc4
28. Nd3 Nd2 29. Kg2 Ne4 30. Nh3 b6 31. Rh1 Kg7 32. f3 Nc5 33. Nhf4 Nxd3 34.
Nxd3 Be8 35. Kf2 Bb5 36. Ke3 Bxd3 37. Kxd4 Bb5 38. Bb3 a5 39. Rh2 a4 40. Rc2
Rh8 41. Rc7+ Kg6 42. Bc2 Rh2 43. g4 Bc4 44. gxf5+ exf5 45. Kc3 b5 46. Bd3 d4+
47. Kxd4 Rd2 48. Rxc4 bxc4 49. Kxc4 Rxb2 50. e6 Kf6 51. e7 Kxe7 52. Bxf5 Rb3
53. Bc2 Rxa3 54. Kb4 Rxf3 55. Bxa4 Kd6 56. Bb3 Ke5 57. Ka3 Kd4 58. Kb2 Rf1 59.
Bc2 Rf2 60. Kb1 Kc3 61. Bh7 Rb2+ 62. Ka1 Rh2 63. Bf5 Rh1+ 64. Ka2 Kd2 65. Bg6
Rh6 66. Bf5 Kc1 67. Kb3 Rb6+ 68. Kc3 1/2-1/2

[Event "Goldener Springer 2019"]
[Site "Frankfurt-Griesheim"]
[Date "2019.??.??"]
[Round "4"]
[White "Markosyan, Aleksandr"]
[Black "Engel, Jan"]
[Result "0-1"]
[WhiteElo "1578"]
[BlackElo "1860"]
[PlyCount "60"]
[EventDate "2019.??.??"]
[WhiteTeam "SG Idstein"]
[BlackTeam "Frankfurter TV"]

1. e4 c5 2. Nf3 d6 3. c3 Nf6 4. Be2 Nc6 5. d4 cxd4 6. cxd4 Nxe4 7. d5 Qa5+ 8.
Nc3 Nxc3 9. bxc3 Nb8 10. Bb2 e5 11. O-O Be7 12. Qc2 O-O 13. c4 Na6 14. Nd2 f5
15. Rfe1 Bd7 16. a4 Rac8 17. Reb1 Nc5 18. Bc3 Qc7 19. Nf3 Ne4 20. Bb4 Nc5 21.
a5 Bf6 22. Ra3 Rce8 23. Qd1 f4 24. Qd2 Bf5 25. Rc1 g6 26. Bxc5 Qxc5 27. Rb3 e4
28. Ne1 e3 29. fxe3 Rxe3 30. Rxe3 Bd4 0-1

[Event "Goldener Springer 2019"]
[Site "Frankfurt-Griesheim"]
[Date "2019.??.??"]
[Round "4"]
[White "Adamczyk, Matthias"]
[Black "Hebauf, Markus"]
[Result "1-0"]
[WhiteElo "2026"]
[BlackElo "1574"]
[PlyCount "45"]
[EventDate "2019.??.??"]
[WhiteTeam "SC Weiterstadt"]
[BlackTeam "Kelkheim"]

1. d4 d5 2. c4 Nf6 3. Nc3 e6 4. Bg5 Be7 5. Nf3 c6 6. e3 Qc7 7. Rc1 Nbd7 8. Bd3
a6 9. O-O h6 10. Bh4 g5 11. Bg3 Bd6 12. cxd5 exd5 13. e4 Bxg3 14. hxg3 dxe4 15.
Bxe4 Nxe4 16. Nxe4 f5 17. Nc3 Nf6 18. Re1+ Kf8 19. Ne5 Kg7 20. d5 Rd8 21. Qb3
Nxd5 22. Nxd5 Rxd5 23. Qxd5 1-0

[Event "Goldener Springer 2019"]
[Site "Frankfurt-Griesheim"]
[Date "2019.??.??"]
[Round "4"]
[White "Meyer, Marcel"]
[Black "Rabiya, Karim"]
[Result "1/2-1/2"]
[WhiteElo "1866"]
[BlackElo "1794"]
[PlyCount "96"]
[EventDate "2019.??.??"]
[WhiteTeam "SC Herborn"]
[BlackTeam "SK Niederbrechen"]

1. d4 Nf6 2. c4 e6 3. Nc3 Bb4 4. e3 c5 5. Nge2 cxd4 6. exd4 d5 7. a3 Be7 8. Ng3
Nc6 9. Be3 O-O 10. Bd3 b6 11. O-O Ba6 12. cxd5 Bxd3 13. Qxd3 Nxd5 14. Rac1 Rc8
15. Nge2 Nxe3 16. fxe3 Ne5 17. Qb5 Ng4 18. Nd1 Rxc1 19. Nxc1 Qc7 20. Qh5 Nxh2
21. Qxh2 Bd6 22. Qh5 Qxc1 23. Qe2 Qc6 24. Nc3 Rc8 25. Nb5 Bb8 26. Nc3 Qc7 27.
Qh5 a6 28. Rf3 b5 29. Rh3 h6 30. Qg4 f5 31. Qg6 Qf7 32. Rxh6 Qxg6 33. Rxg6 Kf7
34. Rg5 Rh8 35. g4 Kf6 36. Rh5 Rxh5 37. gxh5 Kg5 38. b4 Kxh5 39. a4 bxa4 40.
Nxa4 Kg5 41. Nc5 e5 42. Nxa6 Ba7 43. Nc5 exd4 44. Ne6+ Kf6 45. Nxd4 f4 46. Kg2
fxe3 47. Nc2 Ke5 48. Kf3 Kd5 1/2-1/2

[Event "Goldener Springer 2019"]
[Site "Frankfurt-Griesheim"]
[Date "2019.??.??"]
[Round "4"]
[White "Schellen, Sven"]
[Black "Emig, Nils"]
[Result "0-1"]
[WhiteElo "1858"]
[BlackElo "1744"]
[PlyCount "66"]
[EventDate "2019.??.??"]
[WhiteTeam "SF Frankfurt"]
[BlackTeam "SK Marburg"]

1. d4 Nf6 2. c4 g6 3. Nc3 Bg7 4. Nf3 d6 5. Bf4 O-O 6. e3 Nc6 7. Be2 Nd7 8. O-O
h6 9. Rc1 e5 10. Bg3 f5 11. h3 e4 12. Nd2 Nf6 13. a3 g5 14. b4 Ne7 15. c5 d5
16. Nb5 Ne8 17. Bh5 a6 18. Bxe8 axb5 19. Bxb5 f4 20. exf4 gxf4 21. Bh4 f3 22.
Re1 Bf6 23. Bg3 c6 24. Bf1 Nf5 25. gxf3 Nxg3 26. fxg3 Bxd4+ 27. Kh2 Rxa3 28.
Nb1 Ra2+ 29. Re2 Rxe2+ 30. Bxe2 Qf6 31. f4 Be3 32. Nd2 Kh8 33. Ra1 Bxd2 0-1

[Event "Goldener Springer 2019"]
[Site "Frankfurt-Griesheim"]
[Date "2019.??.??"]
[Round "4"]
[White "Keuth, Gerd Erich"]
[Black "Gerhard, Dominik"]
[Result "1-0"]
[WhiteElo "2016"]
[BlackElo "1785"]
[PlyCount "45"]
[EventDate "2019.??.??"]
[WhiteTeam "SC Herborn"]
[BlackTeam "SV Oberursel"]

1. c4 Nf6 2. Nc3 g6 3. g3 Bg7 4. Bg2 O-O 5. Nf3 d6 6. d4 Nc6 7. d5 Na5 8. b3 c5
9. Bb2 a6 10. O-O Rb8 11. Qc2 b5 12. Nd2 Bh6 13. Nce4 Nxe4 14. Bxe4 Bxd2 15.
Qxd2 bxc4 16. Bc3 Nxb3 17. axb3 cxb3 18. Qh6 f6 19. Bxg6 hxg6 20. Qxg6+ Kh8 21.
Ra4 Rb4 22. Bxb4 Bd7 23. Ba5 1-0

[Event "Goldener Springer 2019"]
[Site "Frankfurt-Griesheim"]
[Date "2019.??.??"]
[Round "4"]
[White "Eckert, Michael"]
[Black "Ostermeier, Thorsten"]
[Result "0-1"]
[WhiteElo "1536"]
[BlackElo "1976"]
[PlyCount "54"]
[EventDate "2019.??.??"]
[WhiteTeam "SK Herborn"]
[BlackTeam "SF Frankfurt"]

1. c4 e5 2. Nc3 Nf6 3. e3 Bb4 4. Nge2 O-O 5. g3 c6 6. a3 Ba5 7. b4 Bc7 8. Bg2
d5 9. cxd5 cxd5 10. d4 e4 11. O-O Bg4 12. f3 exf3 13. Bxf3 Bh3 14. Bg2 Qd7 15.
Nf4 Bxg2 16. Kxg2 Nc6 17. Qf3 Bxf4 18. exf4 Nxd4 19. Qd3 Nb3 20. Rb1 Nxc1 21.
Rbxc1 Rfe8 22. Rfe1 a6 23. Re2 d4 24. Ne4 Nxe4 25. Rxe4 Qd5 26. Rce1 f5 27.
Qxd4 Qxd4 0-1

[Event "Goldener Springer 2019"]
[Site "Frankfurt-Griesheim"]
[Date "2019.??.??"]
[Round "5"]
[White "Zuyev, Igor"]
[Black "Rondonuwu, Grover"]
[Result "1-0"]
[WhiteElo "2441"]
[BlackElo "2086"]
[PlyCount "53"]
[EventDate "2019.??.??"]
[WhiteTeam "SC Heusenstamm"]
[BlackTeam "Frankfurter TV"]

1. e4 c5 2. Nc3 a6 3. g3 Nc6 4. Nf3 g6 5. d4 cxd4 6. Nxd4 Bg7 7. Nxc6 bxc6 8.
Bg2 e6 9. O-O Nf6 10. Be3 d5 11. f4 O-O 12. e5 Nd7 13. Na4 f6 14. exf6 Bxf6 15.
c3 Qc7 16. h3 c5 17. f5 gxf5 18. Rxf5 Bb7 19. Rh5 Rae8 20. Bf4 Qc8 21. Qg4+ Kh8
22. Rf1 Rf7 23. Bg5 Ree7 24. Nb6 Qd8 25. Nxd7 Rxd7 26. Rxf6 Rxf6 27. Qh4 1-0

[Event "Goldener Springer 2019"]
[Site "Frankfurt-Griesheim"]
[Date "2019.??.??"]
[Round "5"]
[White "Poetsch, Hagen"]
[Black "Henrich, David"]
[Result "1/2-1/2"]
[WhiteElo "2510"]
[BlackElo "2178"]
[PlyCount "57"]
[EventDate "2019.??.??"]
[WhiteTeam "SC Heusenstamm"]
[BlackTeam "Frankfurter TV"]

1. e4 e5 2. Nf3 d6 3. d4 exd4 4. Nxd4 Nf6 5. Nc3 Be7 6. g3 O-O 7. Bg2 c6 8. O-O
Re8 9. h3 Bf8 10. g4 d5 11. exd5 Nxd5 12. Nxd5 cxd5 13. Bf4 a6 14. c3 Nc6 15.
Qb3 Nxd4 16. cxd4 Be6 17. Qxb7 Bd6 18. Be5 Bxe5 19. dxe5 Rb8 20. Qxa6 Rxb2 21.
Rab1 Rc2 22. Rbc1 Rb2 23. Rb1 Rc2 24. a4 h5 25. Qd3 Qc7 26. gxh5 Rc3 27. Qb5
Rc8 28. Rfe1 Qe7 29. Qb4 1/2-1/2

[Event "Goldener Springer 2019"]
[Site "Frankfurt-Griesheim"]
[Date "2019.??.??"]
[Round "5"]
[White "Nagelsdiek, Ralf"]
[Black "Hoehn, Michael"]
[Result "0-1"]
[WhiteElo "2021"]
[BlackElo "2012"]
[PlyCount "82"]
[EventDate "2019.??.??"]
[WhiteTeam "SK Bad Homburg"]
[BlackTeam "VSG Offenbach"]

1. Nf3 Nf6 2. c4 g6 3. d4 Bg7 4. Nc3 d5 5. g3 O-O 6. cxd5 Nxd5 7. Bg2 c5 8.
Nxd5 Qxd5 9. dxc5 Qxd1+ 10. Kxd1 Bd7 11. Nd2 Bc6 12. Bxc6 Nxc6 13. Ke1 Rfd8 14.
Nc4 Rd5 15. Be3 Nb4 16. Rc1 Nxa2 17. Rd1 Nb4 18. Rxd5 Nxd5 19. Kd2 Rd8 20. c6
Nb4+ 21. Kc1 Nxc6 22. b3 b5 23. Na3 a6 24. Nc2 Rc8 25. Kb1 Bc3 26. Rd1 Na5 27.
Ka2 Bf6 28. Nb4 Kg7 29. Bd4 Bxd4 30. Rxd4 Nc6 31. Nxc6 Rxc6 32. Kb2 Rd6 33. Kc3
a5 34. Re4 Kf6 35. f4 Re6 36. Rxe6+ Kxe6 37. Kd4 Kd6 38. e4 f6 39. f5 e5+ 40.
Kd3 gxf5 41. exf5 a4 0-1

[Event "Goldener Springer 2019"]
[Site "Frankfurt-Griesheim"]
[Date "2019.??.??"]
[Round "5"]
[White "Stock, Juergen"]
[Black "Stuhlmann, Florian"]
[Result "0-1"]
[WhiteElo "1942"]
[BlackElo "1851"]
[PlyCount "118"]
[EventDate "2019.??.??"]
[WhiteTeam "Sfr. Kelkheim"]
[BlackTeam "SC Lindenholzhausen"]

1. d4 Nf6 2. c3 d6 3. Bg5 Nbd7 4. f4 h6 5. Bh4 Ne4 6. Nd2 Ndf6 7. Bxf6 Nxf6 8.
e3 Bf5 9. Qf3 c6 10. e4 Bg4 11. Qg3 h5 12. h3 Bd7 13. Bd3 g6 14. Ngf3 Bh6 15.
O-O b5 16. Nh4 Rg8 17. e5 dxe5 18. fxe5 Qc7 19. Qf2 Bxd2 20. exf6 g5 21. fxe7
Qf4 22. Qxf4 gxf4 23. Bf5 Kxe7 24. Kh1 Rae8 25. Nf3 Be3 26. Bxd7 Kxd7 27. Ne5+
Kc7 28. Nxf7 Rg7 29. Ne5 Reg8 30. g4 fxg3 31. Kg2 Bf2 32. Rfd1 Rf8 33. Rd3 c5
34. Rad1 cxd4 35. cxd4 Kd6 36. Nf3 Rc7 37. Rc3 Rfc8 38. Rdd3 b4 39. Rxc7 Rxc7
40. Rd2 Rc4 41. h4 Be3 42. Re2 Bf4 43. b3 Rc1 44. Ne5 Rd1 45. Nf3 Rb1 46. Ne1
Kd5 47. Kf3 Bd6 48. Ke3 Rc1 49. Nc2 Rh1 50. Kf3 Rxh4 51. Ne3+ Kc6 52. Rc2+ Kd7
53. d5 Rd4 54. Rc4 Rd3 55. Ke2 Rc3 56. Kd2 Rxc4 57. bxc4 Bf4 58. c5 a5 59. Kd3
Bxe3 0-1

[Event "Goldener Springer 2019"]
[Site "Frankfurt-Griesheim"]
[Date "2019.??.??"]
[Round "5"]
[White "Pham, Phuong Bao"]
[Black "Shashkin, Igor"]
[Result "1-0"]
[WhiteElo "1806"]
[BlackElo "2077"]
[PlyCount "103"]
[EventDate "2019.??.??"]
[WhiteTeam "Frankfurter TV"]
[BlackTeam "SV Oberursel"]

1. e4 c5 2. Nf3 Nc6 3. Bb5 g6 4. Nc3 Bg7 5. O-O e6 6. Bxc6 bxc6 7. d3 e5 8. Be3
d6 9. Nd2 Nf6 10. h3 Nh5 11. Ne2 O-O 12. c3 Ba6 13. Qc2 f5 14. f3 f4 15. Bf2 g5
16. Rfe1 Qd7 17. Rad1 Rab8 18. Nf1 Qe6 19. b3 Nf6 20. d4 h5 21. dxc5 d5 22. Nd2
g4 23. hxg4 hxg4 24. Bh4 Nd7 25. exd5 cxd5 26. Nd4 Qf7 27. Nc6 Rbe8 28. b4 Re6
29. Nd8 Rxd8 30. Bxd8 Qh5 31. fxg4 Qxg4 32. Nf1 Rg6 33. Qf2 e4 34. Rxd5 e3 35.
Nxe3 fxe3 36. Rxe3 Bb7 37. Rd2 Ne5 38. Rde2 Nf3+ 39. Kf1 Nh2+ 40. Ke1 Ba6 41.
Re8+ Kh7 42. R2e3 Bh6 43. R8e7+ Rg7 44. Rxg7+ Bxg7 45. Bf6 Qg6 46. Qh4+ Bh6 47.
Re7+ Kg8 48. Bd4 Qb1+ 49. Kf2 Qf5+ 50. Kg1 Qf1+ 51. Kxh2 Bf4+ 52. g3 1-0

[Event "Goldener Springer 2019"]
[Site "Frankfurt-Griesheim"]
[Date "2019.??.??"]
[Round "5"]
[White "Varma, Christopher"]
[Black "Olesiak, Marcin"]
[Result "0-1"]
[WhiteElo "1814"]
[BlackElo "2033"]
[PlyCount "60"]
[EventDate "2019.??.??"]
[WhiteTeam "SV Oberursel"]
[BlackTeam "SV Oberursel"]

1. e4 c5 2. Nf3 d6 3. Bc4 Nf6 4. Qe2 Nc6 5. h3 e6 6. Bb3 Na5 7. Ba4+ Bd7 8.
Bxd7+ Nxd7 9. O-O Be7 10. c3 O-O 11. d4 cxd4 12. cxd4 d5 13. e5 Rc8 14. b3 a6
15. Bb2 b5 16. Na3 Qb6 17. Rfc1 Nc6 18. Nc2 Rc7 19. Nce1 Rfc8 20. Nd3 b4 21.
Rc2 Ncxe5 22. Nfxe5 Rxc2 23. Nxd7 Qd8 24. Qe1 Qxd7 25. Bc1 Bf6 26. Qxb4 Qb5 27.
Qxb5 axb5 28. Be3 Bxd4 29. Bxd4 Rd2 30. Bxg7 Kxg7 0-1

[Event "Goldener Springer 2019"]
[Site "Frankfurt-Griesheim"]
[Date "2019.??.??"]
[Round "5"]
[White "Bakiev, Diyor"]
[Black "Weiland, Thomas"]
[Result "1/2-1/2"]
[WhiteElo "1918"]
[BlackElo "1800"]
[PlyCount "74"]
[EventDate "2019.??.??"]
[WhiteTeam "SV Ffm-Griesheim"]
[BlackTeam "SV Oberursel"]

1. e4 e6 2. d4 d5 3. e5 c5 4. c3 Nc6 5. Nf3 cxd4 6. cxd4 Qb6 7. Bd3 Bb4+ 8. Nc3
Bd7 9. a3 Be7 10. O-O Nxd4 11. Nxd4 Qxd4 12. Qe2 a6 13. Kh1 Qb6 14. f4 g6 15.
Be3 Bc5 16. Bxc5 Qxc5 17. Rac1 Qe7 18. b4 Nh6 19. b5 O-O 20. bxa6 bxa6 21. a4
a5 22. Rf3 Kg7 23. Rh3 Rh8 24. Rf1 Rac8 25. f5 Nxf5 26. Bxf5 exf5 27. Nxd5 Qc5
28. Qd2 h6 29. Rc3 Qa7 30. Rxc8 Rxc8 31. e6 Bxe6 32. Qb2+ Kg8 33. Nf6+ Kf8 34.
Nh7+ Kg8 35. Nf6+ Kf8 36. Nh7+ Kg8 37. Nf6+ Kf8 1/2-1/2

[Event "Goldener Springer 2019"]
[Site "Frankfurt-Griesheim"]
[Date "2019.??.??"]
[Round "5"]
[White "Klundt, Klaus"]
[Black "du Maire, Jerome"]
[Result "1-0"]
[WhiteElo "2309"]
[BlackElo "2148"]
[PlyCount "55"]
[EventDate "2019.??.??"]
[WhiteTeam "SC Heusenstamm"]
[BlackTeam "Frankfurter TV"]

1. e4 e6 2. d3 d5 3. Nd2 Nf6 4. Ngf3 c5 5. g3 Nc6 6. Bg2 Be7 7. O-O O-O 8. Re1
b5 9. e5 Ne8 10. Nf1 b4 11. h4 a5 12. N1h2 a4 13. a3 bxa3 14. bxa3 Nc7 15. Rb1
Ba6 16. Ng5 h6 17. Ngf3 Nb5 18. Qd2 Ncd4 19. Nxd4 Nxd4 20. Nf3 Nc6 21. Qf4 Qd7
22. g4 f6 23. exf6 Rxf6 24. Qxa4 Qc8 25. Rb6 Bb7 26. Qb5 Ra7 27. Bb2 Rf4 28.
Ne5 1-0

[Event "Goldener Springer 2019"]
[Site "Frankfurt-Griesheim"]
[Date "2019.??.??"]
[Round "5"]
[White "Gries, Volker"]
[Black "Kolker, Vladislav"]
[Result "1/2-1/2"]
[WhiteElo "2069"]
[BlackElo "2010"]
[PlyCount "34"]
[EventDate "2019.??.??"]
[WhiteTeam "SV Oberursel"]
[BlackTeam "SC Bad Nauheim"]

1. e4 e5 2. Nf3 Nc6 3. d4 exd4 4. Bc4 Nf6 5. O-O Nxe4 6. Re1 d5 7. Bxd5 Qxd5 8.
Nc3 Qa5 9. Nxe4 Be6 10. Neg5 O-O-O 11. Nxe6 fxe6 12. Rxe6 h6 13. Qe2 g5 14. h3
Bg7 15. Qe4 Qd5 16. Bd2 Qxe4 17. Rxe4 Rhe8 1/2-1/2

[Event "Goldener Springer 2019"]
[Site "Frankfurt-Griesheim"]
[Date "2019.??.??"]
[Round "5"]
[White "Engel, Jan"]
[Black "Keller, Peter"]
[Result "1/2-1/2"]
[WhiteElo "1860"]
[BlackElo "2193"]
[PlyCount "75"]
[EventDate "2019.??.??"]
[WhiteTeam "Frankfurter TV"]
[BlackTeam "Frankfurter TV"]

1. d4 Nf6 2. c4 g6 3. Nc3 Bg7 4. e4 d6 5. Nf3 O-O 6. Be2 Na6 7. O-O e5 8. d5
Nc5 9. Qc2 a5 10. Ne1 Nfd7 11. Be3 f5 12. f3 fxe4 13. fxe4 Rxf1+ 14. Kxf1 Nf6
15. Kg1 Ng4 16. Bxg4 Bxg4 17. Nd3 b6 18. Rf1 Bd7 19. b3 Qh4 20. Nxc5 bxc5 21.
a4 Bh6 22. Bxh6 Qxh6 23. Qf2 Qg7 24. Nb5 Bxb5 25. cxb5 Qe7 26. Qf6 Re8 27. Rf3
Qxf6 28. Rxf6 Kg7 29. Rf3 Re7 30. Kf2 h6 31. h4 Re8 32. g4 g5 33. h5 Rf8 34.
Rxf8 Kxf8 35. Ke3 Ke8 36. Kd3 Kd8 37. Kc4 Kc8 38. Kc3 1/2-1/2

[Event "Goldener Springer 2019"]
[Site "Frankfurt-Griesheim"]
[Date "2019.??.??"]
[Round "5"]
[White "Hankel, Dennis"]
[Black "Adamczyk, Matthias"]
[Result "1-0"]
[WhiteElo "2118"]
[BlackElo "2026"]
[PlyCount "51"]
[EventDate "2019.??.??"]
[WhiteTeam "SF Neuberg"]
[BlackTeam "SC Weiterstadt"]

1. d4 d5 2. Bf4 Nf6 3. e3 e6 4. Nd2 c5 5. c3 Nc6 6. Bd3 Bd6 7. Bxd6 Qxd6 8. f4
Bd7 9. a3 Rc8 10. Ngf3 Ng4 11. Qe2 a6 12. Ne5 Nf6 13. O-O b5 14. g4 g6 15. Ndf3
Ke7 16. Qf2 Ne4 17. Bxe4 dxe4 18. Ng5 f6 19. Ngf7 Qd5 20. Nxh8 Rxh8 21. Qh4 Be8
22. Qh6 Bf7 23. Nxc6+ Qxc6 24. g5 f5 25. Qg7 Rg8 26. Qf6+ 1-0

[Event "Goldener Springer 2019"]
[Site "Frankfurt-Griesheim"]
[Date "2019.??.??"]
[Round "5"]
[White "Rutsatz, Mario"]
[Black "Hahn, Florian"]
[Result "0-1"]
[WhiteElo "2017"]
[BlackElo "2173"]
[PlyCount "60"]
[EventDate "2019.??.??"]
[WhiteTeam "SF Frankfurt"]
[BlackTeam "SC Herborn"]

1. c4 c5 2. g3 Nc6 3. Bg2 g6 4. Nc3 Bg7 5. a3 e6 6. b4 Nxb4 7. axb4 cxb4 8. e3
bxc3 9. d4 Ne7 10. Ne2 d5 11. Nxc3 dxc4 12. Qa4+ Bd7 13. Qxc4 Bc6 14. Bxc6+
Nxc6 15. Ba3 Bf8 16. O-O Bxa3 17. Rxa3 O-O 18. Rb1 Qe7 19. Qa4 a5 20. Rab3 Rfb8
21. Rb5 Qc7 22. Qc4 Qe7 23. d5 Nb4 24. e4 Rc8 25. Qd4 e5 26. Qd2 Qd7 27. Rb6
Rc4 28. f3 Rac8 29. Nb5 Rc2 30. Qg5 Qh3 0-1

[Event "Goldener Springer 2019"]
[Site "Frankfurt-Griesheim"]
[Date "2019.??.??"]
[Round "5"]
[White "Kuhn, Gerhard"]
[Black "Mehlen, Theodor"]
[Result "1/2-1/2"]
[WhiteElo "1948"]
[BlackElo "1862"]
[PlyCount "85"]
[EventDate "2019.??.??"]
[WhiteTeam "SK Marburg"]
[BlackTeam "SC Matt im Park"]

1. e4 e6 2. d4 d5 3. Nd2 dxe4 4. Nxe4 Bd7 5. Nf3 Bc6 6. Bd3 Nf6 7. Qe2 Bxe4 8.
Bxe4 Nxe4 9. Qxe4 c6 10. Bf4 Nd7 11. O-O Nf6 12. Qe2 Bd6 13. Ne5 O-O 14. Rfd1
Qc7 15. Bg3 Rfe8 16. c4 Nd7 17. c5 Bxe5 18. Bxe5 Qd8 19. Rd3 Nf8 20. Bd6 Ng6
21. Rg3 Qd7 22. Qg4 f6 23. h4 Qf7 24. Re1 Rad8 25. Rge3 Nf8 26. Qe2 Rd7 27. g3
Rdd8 28. Qc4 Rd7 29. b4 a6 30. a4 Rdd8 31. Kg2 Rd7 32. b5 axb5 33. axb5 cxb5
34. Qxb5 e5 35. Qb3 Qxb3 36. Rxb3 Ne6 37. dxe5 Nd8 38. Rbe3 fxe5 39. Rxe5 Rxe5
40. Rxe5 Kf7 41. Re2 b6 42. c6 Nxc6 43. Ba3 1/2-1/2

[Event "Goldener Springer 2019"]
[Site "Frankfurt-Griesheim"]
[Date "2019.??.??"]
[Round "5"]
[White "Emig, Nils"]
[Black "Meyer, Marcel"]
[Result "1/2-1/2"]
[WhiteElo "1744"]
[BlackElo "1866"]
[PlyCount "63"]
[EventDate "2019.??.??"]
[WhiteTeam "SK Marburg"]
[BlackTeam "SC Herborn"]

1. d4 d5 2. c4 c6 3. Nc3 Nf6 4. Nf3 Bf5 5. cxd5 cxd5 6. Qb3 Bc8 7. e3 e6 8. Bd3
Be7 9. O-O O-O 10. Bd2 Nc6 11. Rac1 Na5 12. Qc2 Bd7 13. e4 dxe4 14. Nxe4 h6 15.
Bc3 Qb6 16. Qd2 Nc6 17. Bb1 Nxe4 18. Bxe4 Nb4 19. a3 Nd5 20. Rfe1 Nxc3 21. Qxc3
Rac8 22. Qd2 Bc6 23. Bxc6 Rxc6 24. Rxc6 Qxc6 25. d5 Qb6 26. dxe6 fxe6 27. b4
Bf6 28. h3 Rd8 29. Qa2 Rd5 30. Qc2 Rd8 31. Qa2 Rd5 32. Qc2 1/2-1/2

[Event "Goldener Springer 2019"]
[Site "Frankfurt-Griesheim"]
[Date "2019.??.??"]
[Round "5"]
[White "Strache, Rolf"]
[Black "Calvi, Stefan"]
[Result "0-1"]
[WhiteElo "1536"]
[BlackElo "2007"]
[PlyCount "78"]
[EventDate "2019.??.??"]
[WhiteTeam "SK Herborn"]
[BlackTeam "SF Frankfurt"]

1. d4 Nf6 2. c4 g6 3. Nc3 Bg7 4. e4 d6 5. f4 O-O 6. Nf3 c5 7. dxc5 Qa5 8. Bd2
Qxc5 9. a3 a6 10. b4 Qc7 11. Be2 e6 12. Rc1 Nbd7 13. O-O b6 14. Ne1 Bb7 15. Qc2
Rac8 16. Be3 Qb8 17. Qb1 Qa8 18. e5 dxe5 19. fxe5 Ne4 20. Nxe4 Bxe4 21. Bf3
Bxb1 22. Bxa8 Rxa8 23. Rxb1 Nxe5 24. Rc1 Rac8 25. c5 Ng4 26. Bf4 Bd4+ 27. Kh1
Nf2+ 28. Rxf2 Bxf2 29. Nd3 Bd4 30. Bd6 Rfe8 31. h3 e5 32. a4 Re6 33. g3 e4 34.
cxb6 Rxc1+ 35. Nxc1 Rxd6 36. a5 Bxb6 37. axb6 Rxb6 38. Nb3 Rxb4 39. Nc5 a5 0-1

[Event "Goldener Springer 2019"]
[Site "Frankfurt-Griesheim"]
[Date "2019.??.??"]
[Round "5"]
[White "Rabiya, Karim"]
[Black "Keuth, Gerd Erich"]
[Result "1-0"]
[WhiteElo "1794"]
[BlackElo "2016"]
[PlyCount "75"]
[EventDate "2019.??.??"]
[WhiteTeam "SK Niederbrechen"]
[BlackTeam "SC Herborn"]

1. e4 c6 2. Nc3 d5 3. Nf3 dxe4 4. Nxe4 Nf6 5. Nxf6+ gxf6 6. d4 Bf5 7. Bd3 Bg6
8. h4 Bh5 9. Bf4 e6 10. c3 Nd7 11. Rg1 Bg4 12. Qc2 Bxf3 13. gxf3 h5 14. O-O-O
Qa5 15. b4 Qb6 16. a4 a6 17. a5 Qd8 18. Rde1 Qe7 19. Qe2 O-O-O 20. Bxa6 Nb8 21.
Bd3 Bh6 22. Bxh6 Rxh6 23. Kc2 Rhh8 24. f4 Qc7 25. f5 Rde8 26. fxe6 Qf4 27. exf7
Rxe2+ 28. Rxe2 Rf8 29. Rg8 Nd7 30. Re8+ Kc7 31. Rgxf8 Qxf2+ 32. Re2 Qf3 33.
Rfe8 Qd5 34. R8e7 Qa2+ 35. Kd1 Qa1+ 36. Kd2 Qa2+ 37. Bc2 Kd6 38. Rxd7+ 1-0

[Event "Goldener Springer 2019"]
[Site "Frankfurt-Griesheim"]
[Date "2019.??.??"]
[Round "5"]
[White "Yaghi, Rita"]
[Black "Markosyan, Aleksandr"]
[Result "1-0"]
[WhiteElo "1743"]
[BlackElo "1578"]
[PlyCount "59"]
[EventDate "2019.??.??"]
[WhiteTeam "SK Marburg"]
[BlackTeam "SG Idstein"]

1. e4 c5 2. Nf3 g6 3. d4 cxd4 4. Nxd4 Nc6 5. c4 Bg7 6. Be3 Nf6 7. Nc3 d6 8. f3
O-O 9. Qd2 Bd7 10. Rc1 Rc8 11. Be2 a6 12. O-O Qc7 13. Kh1 Rfd8 14. Nd5 Qb8 15.
Nxc6 Bxc6 16. Nxe7+ Kf8 17. Nxc8 Rxc8 18. Bf4 Rd8 19. Rfd1 Ke7 20. c5 Ne8 21.
cxd6+ Nxd6 22. Qb4 Bf8 23. Rxd6 Rxd6 24. e5 Kd7 25. exd6 Qa7 26. Qc5 Qb8 27.
Bxa6 Qa8 28. Bb5 Bxb5 29. Qxb5+ Kd8 30. Bg5+ 1-0

[Event "Goldener Springer 2019"]
[Site "Frankfurt-Griesheim"]
[Date "2019.??.??"]
[Round "5"]
[White "Urbach, Jens"]
[Black "John, Volkmar"]
[Result "1/2-1/2"]
[WhiteElo "1508"]
[BlackElo "1688"]
[PlyCount "98"]
[EventDate "2019.??.??"]
[WhiteTeam "SF Frankfurt"]
[BlackTeam "SC Herborn"]

1. e4 e5 2. Nf3 Nc6 3. d4 exd4 4. Nxd4 Bb4+ 5. c3 Bc5 6. Be3 Bb6 7. Bc4 Nge7 8.
O-O O-O 9. Nd2 d5 10. Nxc6 bxc6 11. exd5 cxd5 12. Bxb6 axb6 13. Be2 Be6 14. Bf3
Qd6 15. c4 Rad8 16. cxd5 Nxd5 17. Ne4 Qe5 18. Qc1 Nb4 19. Qc3 Qxc3 20. Nxc3 Rd2
21. b3 Rfd8 22. Rad1 Kf8 23. Rxd2 Rxd2 24. Rd1 Rc2 25. Nb5 Nxa2 26. Nd4 Rc1 27.
Nxe6+ fxe6 28. h4 Ke7 29. Kh2 Rxd1 30. Bxd1 Nc3 31. Bc2 h6 32. Kh3 c5 33. Kg4
Kf6 34. f4 Nd5 35. Kf3 g5 36. hxg5+ hxg5 37. fxg5+ Kxg5 38. Ke4 Nb4 39. Bd1 Nc6
40. g3 Kf6 41. Kd3 Ke5 42. Kc4 Nd4 43. g4 Kd6 44. g5 b5+ 45. Kc3 Ke5 46. b4
cxb4+ 47. Kxb4 Kf5 48. Kc5 e5 49. Kd5 Kxg5 1/2-1/2

[Event "Goldener Springer 2019"]
[Site "Frankfurt-Griesheim"]
[Date "2019.??.??"]
[Round "5"]
[White "Hebauf, Markus"]
[Black "Schellen, Sven"]
[Result "0-1"]
[WhiteElo "1574"]
[BlackElo "1858"]
[PlyCount "96"]
[EventDate "2019.??.??"]
[WhiteTeam "Kelkheim"]
[BlackTeam "SF Frankfurt"]

1. e4 e5 2. Nf3 Nc6 3. Nc3 Nf6 4. Bc4 Bb4 5. a3 Bxc3 6. bxc3 Nxe4 7. Bd5 Nf6 8.
Bxc6 dxc6 9. Nxe5 O-O 10. O-O Re8 11. Re1 Qd6 12. d4 Bg4 13. Qd3 Nd7 14. Bf4
Nxe5 15. Bxe5 Qd7 16. Qg3 Re7 17. f3 f6 18. Bxc7 Qxc7 19. Qxg4 Rae8 20. Re4
Rxe4 21. fxe4 Qe7 22. Kf2 Qxe4 23. Qxe4 Rxe4 24. Re1 Rxe1 25. Kxe1 Kf7 26. Kd2
Ke6 27. Kd3 g5 28. g4 f5 29. gxf5+ Kxf5 30. Ke3 h5 31. c4 g4 32. c3 h4 33. d5
cxd5 34. cxd5 b5 35. d6 Ke6 36. d7 Kxd7 37. Kf4 g3 38. hxg3 hxg3 39. Kxg3 Kd6
40. Kf4 Kd5 41. Ke3 Kc4 42. Kd2 Kb3 43. Kd3 a5 44. a4 Kxa4 45. c4 b4 46. c5 Kb5
47. Kd4 b3 48. Kc3 a4 0-1